Score 0/10 Timer 03:00
0 Plays Today
% Correct
1920s
78%
2010s
76%
2000s
74%
1970s
70%
1930s
64%
1950s
62%
1990s
62%
1980s
61%
1940s
57%
1960s
52%

You're not logged in!

Compare scores with friends on all Sporcle quizzes.
OR
Log In

Sporcle TV

Today on Sporcle TV


Watch our educational content, quiz creation guides, and fun videos on Sporcle TV.

Show Comments

Extras

Top Quizzes Today


Score Distribution

Paid Content

Your Account Isn't Verified!

In order to create a playlist on Sporcle, you need to verify the email address you used during registration. Go to your Sporcle Settings to finish the process.

Report this User

Report this user for behavior that violates our Community Guidelines.

Details: